Invernada bovina en zonas mixtas : claves para una actividad más rentable y eficiente /
Guardado en:
| Autor Principal: | |
|---|---|
| Autor Corporativo: | |
| Otros Autores: | |
| Formato: | Libro |
| Idioma: | Spanish |
| Publicado: |
Córdoba :
INTA Centro Regional Córdoba,
1997.
|
| Series: | Agro de Córdoba,
nº 2 |
| Etiquetas: |
Agregar Etiqueta
Sin Etiquetas, Sea el primero en etiquetar este registro!
|
| LEADER | 00886nam a22001935a 4500 | ||
|---|---|---|---|
| 001 | EEA.libagro008192 | ||
| 005 | 20180622094659.0 | ||
| 008 | 130809s1997####ag#a##########000#0#spa#d | ||
| 082 | 0 | 4 | |a 636.2084 |
| 100 | 1 | |a Latimori, Néstor J. | |
| 245 | 1 | 0 | |a Invernada bovina en zonas mixtas : |b claves para una actividad más rentable y eficiente / |c editado por Néstor J. Latimori, Andrés M. Kloster. |
| 260 | |a Córdoba : |b INTA Centro Regional Córdoba, |c 1997. | ||
| 300 | |a 180 p. : |b il., fot. col. ; |c 28 cm. | ||
| 490 | 1 | |a Agro de Córdoba, |x 0329-0077 ; |v nº 2 | |
| 700 | 1 | |a Kloster, Andrés M. | |
| 710 | 2 | |a Instituto Nacional de Tecnología Agropecuaria (Argentina). |b Centro Regional Córdoba. | |
| 859 | |a AR-BbBCA |b BIB. AGRONOMIA |h 636.2084 |i L357 |p 2000/3852 | ||
| 859 | |a AR-BbBCA |b BIB. AGRONOMIA |h 636.2084 |i L357 |p 2000/3888 |t Ej.2 | ||
| 859 | |a AR-BbBCA |b BIB. AGRONOMIA |h 636.2084 |i L357 |p 2009/5581 |t Ej.3 | ||
